000
00260nam a2200109Ia 4500
008
200302s9999 xx 000 0 und d
100
_a
Lim Cj
245
_a
Studio 8 Architects Cj Lim
260
_b
Images Publishing, Austraila
260
_c
2005
300
_a
122 P
999
_c
4872
_d
4872